1532 1233 1022 1945 1539 1733 1650 1459 1618 1237 1621 1590 1483 1863 1194 1192 1871 1424 1963 1018 1115 1265 1071 1206 1186 1312 1690 1248 1303 1724 1417 1224 1342 1180 1017 1806 1951 1898 1795 1712 1548 1787 1926 1411 1145 1726 1051 1850 1599 1698 1228 1749 1573 1201 1750 1348 1937 1534 1170 1090 1080 1879 1767 1525 1758 1983 1726 1165 1377 1667 1280 1423 1151 1078 1903 1638 1986 1115 1244 1119 1864 1988 1833 1889 1520 1335 1571 1016 1716 1044 1264 1601 1198 1002 1357 1444 1223 1810 1585 BCNSPRNW ULIB Ver.6.0+V

เปลี่ยนเป็นภาษาไทย

Change to English
 แสดงรายละเอียดบรรณานุกรม
  กลับหน้าหลัก

Brief Record : Get Marc (ISO 2709) : E-mail record : QR code < ปิดหน้าต่าง
LEADER : 00000nam 2200000uu 4500
001    13399125674
003     ULIB
008    170714s2558||||th 000 0 tha d
020    ^a9786160428915
060  0 ^aWI300^bช841ล
100 0  ^aไช่, อิงเจี๋ย
245 00 ^aลำไส้ดี ชีวียืนยาว /^cไช่, อิงเจี๋ย
260    ^aกรุงเทพฯ :^bอินสปายร์ ;^c2558
300    ^a216 หน้า ;^c21 ซม.
650  0 ^aระบบกระเพาะอาหารและลำไส้--โรค
700 0  ^aชาญ ธนประกอบ^eผู้แปล
945    ^p265^l0^i002663
999    ^aประนอม เกษจรัล
รายการนี้ยังไม่มีแท็ก
คุณยังไม่ได้ล็อกอิน คุณสามารถมีกิจกรรมร่วมกับเว็บไซต์ได้ แต่ต้องล็อกอินก่อน ::
  ล็อกอิน

รายการสื่อสารสนเทศ

ลำดับที่ ประเภท เลขเรียก/บาร์โค้ด สถานที่ สถานะ
1. วิทยาศาสตร์การแพทย์ และสุขภาพ
วิทยาศาสตร์การแพทย์ และสุขภาพ
สถานะ=หนังสือเก่า
WI300 ช841ล ฉ.1 
  Barcode: 002663
ห้องสมุดวิทยาเขตสวรรค์ประชารักษ์
►ส่วนจัดเก็บหนังสือเก่า สปร
บนชั้น
  ขอยืม

รายการใกล้เคียง
    ผู้แต่ง [ไช่, อิงเจี๋ย]

    หัวเรื่อง [ระบบกระเพาะอาหารและลำไส้--โรค]

BibComment


ยังไม่เคยถูกคอมเมนท์

คอมเมนท์ทรัพยากรรายการนี้
  คอมเมนท์: ลำไส้ดี ชีวียืนย..


 Copyright 2026. Bcnsprnw @Library